Game of Thrones Typing Challenge (Hard) Quiz Stats

 Plays Quiz not verified by Sporcle

Challenge
Share
Tweet
Embed
Score 0/100 Timer 02:00
0 Plays Today
Hint Answer % Correct
'Jon'Jon
98%
'JeorJeor
97%
'Bran'Bran
96%
'Osha'Osha
95.5%
'Lady'Lady
95.5%
'Arya'Arya
95.5%
'Shae'Shae
95%
'Mace'Mace
94.5%
'Jory'Jory
94%
'Lysa'Lysa
94%
'Robb'Robb
94%
'Yohn'Yohn
93%
'Yara'Yara
92.5%
'Loras'Loras
92.5%
'Renly'Renly
92.5%
'Ghost'Ghost
92.5%
'Rast'Rast
92%
'Gilly'Gilly
92%
'Areo'Areo
91.5%
'Luwin'Luwin
91.5%
'Meera'Meera
91.5%
'Aemon'Aemon
91%
'Bowen'Bowen
91%
'Robin'Robin
91%
'Janos'Janos
89.9%
'Tywin'Tywin
89.9%
'Doran'Doran
89.4%
'Jojen'Jojen
89.4%
'Sansa'Sansa
89.4%
'Meryn'Meryn
88.9%
'Eddard'Eddard
88.9%
'Tyene'Tyene
88.4%
'Obara'Obara
88.4%
'Theon'Theon
88.4%
Hint Answer % Correct
'Varys'Varys
88.4%
'Balon'Balon
87.9%
'Petyr'Petyr
87.4%
'Jorah'Jorah
86.9%
'Walda'Walda
86.9%
'Tommen'Tommen
86.9%
'Euron'Euron
86.4%
'Kevan'Kevan
86.4%
'Jaime'Jaime
85.9%
'Aeron'Aeron
85.9%
'Rodrik'Rodrik
85.9%
'Drogo'Drogo
85.4%
'Roose'Roose
85.4%
'Marei'Marei
85.4%
'Bronn'Bronn
83.4%
'Othell'Othell
83.4%
'Olenna'Olenna
82.4%
'Rickon'Rickon
82.4%
'Qyburn'Qyburn
81.9%
'Robert'Robert
81.9%
'Cersei'Cersei
81.9%
'Tyrion'Tyrion
81.4%
'Sandor'Sandor
79.4%
'Gregor'Gregor
78.9%
'Oberyn'Oberyn
76.4%
'Walder'Walder
74.9%
'Daario'Daario
74.4%
'Hoster'Hoster
73.4%
'Edmure'Edmure
72.9%
'Selyse'Selyse
72.9%
'Unella'Unella
67.8%
'Olyvar'Olyvar
67.3%
'Doreah'Doreah
67.3%
'Viserys'Viserys
66.3%
Hint Answer % Correct
'Dickon'Dickon
64.8%
'Podrick'Podrick
64.8%
'Thoros'Thoros
63.3%
'Brienne'Brienne
62.3%
'Gendry'Gendry
61.8%
'Catelyn'Catelyn
61.8%
'Joffrey'Joffrey
61.3%
'Brynden'Brynden
59.8%
'Craster'Craster
58.8%
'Alliser'Alliser
56.8%
'Tormund'Tormund
54.3%
'Stannis'Stannis
53.8%
'Myranda'Myranda
51.8%
'Cressen'Cressen
50.3%
'Shireen'Shireen
49.7%
'Hizdahr'Hizdahr
46.7%
'Sparrow'Sparrow
45.7%
'Daenerys'Daenerys
44.7%
'Margaery'Margaery
43.7%
'Myrcella'Myrcella
41.2%
'Rhaegar'Rhaegar
40.2%
'Grey Worm'Grey Worm
39.7%
'Polliver'Polliver
37.2%
'Smalljon'Smalljon
33.2%
'Grey Wind'Grey Wind
31.7%
'Greatjon'Greatjon
31.7%
'Missandei'Missandei
28.6%
'Shaggydog'Shaggydog
28.1%
'Melisandre'Melisandre
27.1%
'Barristan'Barristan
26.6%
'Salladhor'Salladhor
26.6%
Three-Eyed RavenThree-Eyed Raven
23.6%

You're not logged in!

Compare scores with friends on all Sporcle quizzes.
Join for Free
OR
Log In

You Might Also Like...

Show Comments

Extras

Created Feb 13, 2017ReportNominate
Tags:Typing Quiz, challenge, frame, hard, throne

Top Quizzes Today


Score Distribution

Your Account Isn't Verified!

In order to create a playlist on Sporcle, you need to verify the email address you used during registration. Go to your Sporcle Settings to finish the process.

Report this User

Report this user for behavior that violates our Community Guidelines.

Details: